000 00321nam a2200121 i 4500
001 bg
245 0 _aIV Konferencja naukowo-techniczna nt.Problemy gospodarki wodno-ściekowej w regionie...
260 _aBiałystok,
_c1987.
040 _cBPK
041 _apol
942 _cKS
008 s pl f |000 0 pol
999 _c28534
_d28534
856 _uhttp://koha.tu.koszalin.pl/cgi-bin/koha/opac-detail.pl?biblionumber=28534
_yKatalog online BPK